Music Quiz

Random Music or Lyrics Quiz

'On The Dark Side' Lyrics Quiz Stats

 Plays Quiz not verified by Sporcle

Challenge
Share
Tweet
Embed
Score 0/170 Timer 10:00
0 Plays Today
% Correct
The
100%
dark
100%
the
100%
a
100%
a
100%
the
100%
dark
100%
side
100%
On
100%
the
100%
dark
100%
side,
100%
On
100%
the
100%
dark
100%
side,
100%
The
100%
dark
100%
the
100%
a
100%
a
100%
the
100%
dark
100%
side
100%
On
100%
the
100%
dark
100%
side,
100%
On
100%
the
100%
dark
100%
side,
100%
a
100%
the
100%
dark
100%
side
100%
On
100%
the
100%
dark
100%
side,
100%
On
100%
the
100%
dark
100%
side,
100%
On
100%
the
100%
dark
100%
side,
100%
On
100%
the
100%
dark
100%
side,
100%
i
97.2%
me
97.2%
me
97.2%
so
97.2%
i
97.2%
% Correct
me
97.2%
me
97.2%
so
97.2%
feel
94.4%
Make
94.4%
feel
94.4%
make
94.4%
feel
94.4%
that's
94.4%
that
94.4%
oh
94.4%
yeah
94.4%
oh
94.4%
yeah
94.4%
feel
94.4%
Make
94.4%
feel
94.4%
make
94.4%
feel
94.4%
that's
94.4%
that
94.4%
oh
94.4%
yeah
94.4%
oh
94.4%
yeah
94.4%
that's
94.4%
that
94.4%
oh
94.4%
yeah
94.4%
oh
94.4%
yeah
94.4%
oh
94.4%
yeah
94.4%
oh
94.4%
yeah
94.4%
crazy,
91.7%
mean
91.7%
love
91.7%
crazy,
91.7%
mean
91.7%
love
91.7%
love
91.7%
is
88.9%
know
88.9%
From
88.9%
of
88.9%
like
88.9%
from
88.9%
to
88.9%
is
88.9%
know
88.9%
From
88.9%
of
88.9%
like
88.9%
from
88.9%
to
88.9%
from
88.9%
% Correct
to
88.9%
nothin'
86.1%
real
86.1%
just
86.1%
how
86.1%
she
86.1%
walks
86.1%
dream
86.1%
nothin'
86.1%
blind
86.1%
nothin'
86.1%
real
86.1%
just
86.1%
how
86.1%
she
86.1%
walks
86.1%
dream
86.1%
nothin'
86.1%
blind
86.1%
nothin'
86.1%
blind
86.1%
gonna
83.3%
save
83.3%
gonna
83.3%
save
83.3%
gonna
83.3%
save
83.3%
side's
80.6%
out
80.6%
shadows
80.6%
you
80.6%
line
80.6%
side's
80.6%
out
80.6%
shadows
80.6%
you
80.6%
line
80.6%
you
80.6%
line
80.6%
never
77.8%
Slip
77.8%
never
77.8%
Slip
77.8%
Slip
77.8%
She'll
72.2%
She'll
72.2%
now
61.1%
Ain't
61.1%
across
61.1%
now
61.1%
Ain't
61.1%
across
61.1%
Ain't
61.1%
across
61.1%
callin'
58.3%
callin'
58.3%

You're not logged in!

Compare scores with friends on all Sporcle quizzes.
Join for Free
OR
Log In

You Might Also Like...

Show Comments

Extras

Created Jun 30, 2015ReportNominate
Tags:Lyrics Quiz, beaver, brown, dark, john, side

Top Quizzes Today


Score Distribution

Your Account Isn't Verified!

In order to create a playlist on Sporcle, you need to verify the email address you used during registration. Go to your Sporcle Settings to finish the process.

Report this User

Report this user for behavior that violates our Community Guidelines.

Details: